Lying, cheating, stealing
| Autor principal: | |
|---|---|
| Tipo de documento: | Print Libro |
| Lenguaje: | Lengua no determinada |
| Publicado: |
Cincinnati, Ohio
Anderson Pub. Co.
1982
|
| En: |
Criminal careers. (3)
Año: 1982 |
| Disponibilidad en Tübingen: | Disponible en Tübingen. UB: KB 14 A 261 |
| Verificar disponibilidad: | HBZ Gateway |
| Servicio de pedido Subito: | Pedir ahora. |
MARC
| LEADER | 00000cam a22000002cb4500 | ||
|---|---|---|---|
| 001 | 1084191377 | ||
| 003 | DE-627 | ||
| 005 | 20251224220044.0 | ||
| 007 | tu | ||
| 008 | 880615s1982 xx ||||| 00| ||und c | ||
| 010 | |a 81070992 | ||
| 020 | |a 0870846027 |9 0-87084-602-7 | ||
| 035 | |a (DE-627)1084191377 | ||
| 035 | |a (DE-576)014191377 | ||
| 035 | |a (DE-599)BSZ014191377 | ||
| 035 | |a (OCoLC)08132988 | ||
| 040 | |a DE-627 |b ger |c DE-627 |e rakwb | ||
| 082 | 0 | |a 364.1/62 | |
| 084 | |a PH 8840 |2 rvk |0 (DE-625)rvk/136523: | ||
| 100 | 1 | |a Nettler, Gwynn |d 1913-2007 |0 (DE-588)1019525037 |0 (DE-627)690930461 |0 (DE-576)358242304 |4 aut | |
| 109 | |a Nettler, Gwynn 1913-2007 |a Nettler, Gwynne 1913-2007 | ||
| 245 | 1 | 0 | |a Lying, cheating, stealing |
| 264 | 1 | |a Cincinnati, Ohio |b Anderson Pub. Co. |c 1982 | |
| 300 | |a XI, 143 S. | ||
| 336 | |a Text |b txt |2 rdacontent | ||
| 337 | |a ohne Hilfsmittel zu benutzen |b n |2 rdamedia | ||
| 338 | |a Band |b nc |2 rdacarrier | ||
| 490 | 1 | |a Criminal careers / Gwynn Nettler |v 3 | |
| 583 | 1 | |a Archivierung prüfen |c 20200919 |f DE-640 |z 2 |2 pdager | |
| 800 | 1 | |a Nettler, Gwynn |d 1913-2007 |t Criminal careers. |v 3 |9 3.1982 |w (DE-627)1078895686 |w (DE-576)008895686 |7 am | |
| 936 | r | v | |a PH 8840 |b Eigentums- und Vermögenskriminalität, Diebstahl, hier auch Bagatellkriminalität |k Rechtswissenschaft |k Strafrecht, Strafverfahrensrecht, Kriminologie |k Kriminologie |k Einzelne Deliktsgruppen |k Weitere Deliktsgruppen |k Eigentums- und Vermögenskriminalität, Diebstahl, hier auch Bagatellkriminalität |0 (DE-627)1271941473 |0 (DE-625)rvk/136523: |0 (DE-576)201941473 |
| 951 | |a MV | ||
| ELC | |b 1 | ||
| LOK | |0 000 xxxxxcx a22 zn 4500 | ||
| LOK | |0 001 2107203067 | ||
| LOK | |0 003 DE-627 | ||
| LOK | |0 004 1084191377 | ||
| LOK | |0 005 20020606000000 | ||
| LOK | |0 008 880615||||||||||||||||ger||||||| | ||
| LOK | |0 040 |a DE-21 |c DE-627 |d DE-21 | ||
| LOK | |0 852 |a DE-21 | ||
| LOK | |0 852 1 |c KB 14 A 261 |9 00 | ||
| LOK | |0 935 |a krim | ||
| LOK | |0 936ln |a k10.12 | ||
| LOK | |0 939 |a 15-06-88 |b l01 | ||
| ORI | |a SA-MARC-krimdoka001.raw | ||
| SIG | |a UB: KB 14 A 261 | ||
